000 00703 a2200205 4500
003 Nust
005 20230126131835.0
010 _a 00061154
020 _a0766828204 (alk. paper)
040 _cNust
082 0 0 _a910.285,KOR
100 1 _aKorte, George.
_921810
245 1 4 _aThe GIS book /
_cGeorge B. Korte.
250 _a5th ed., updated and expanded.
260 _aAustralia ;
_aNew York :
_bOnword Press
_cc2001.
300 _axi, 387 p. :
_bill. ;
_c24 cm.
505 _aPart 1: Understanding GIS (Page-1), Part 2: Selecting and Implementing a GIS (Page-117), Part 3: Considerations for Making GIS Decision (Page-195).
650 0 _aGeographic information systems.
_96117
942 _2ddc
_cBK
999 _c180721
_d180721